[Event "2025 Spring TNM: 2000+"]
[Site "San Francisco"]
[Date "2025.03.04"]
[Round "1.8"]
[White "Zavgorodniy, Andrew"]
[Black "Smith, Roger Christopher"]
[Result "1/2-1/2"]
[WhiteElo "1969"]
[BlackElo "1872"]
[PlyCount "102"]
[GameId "2152319653056241"]
[EventDate "2025.??.??"]

1. c4 e6 2. g3 d5 3. Bg2 Nf6 4. Nf3 c5 5. b3 Nc6 6. O-O Be7 7. Bb2 O-O 8. cxd5 exd5 9. d4 cxd4 10. Nxd4 Nxd4 11. Qxd4 Be6 12. Nc3 b6 13. Rfd1 Bc5 14. Qd2 Qe7 15. a3 d4 16. Nb5 Bxb3 17. Bxa8 Bxd1 18. Rxd1 Rxa8 19. Nxd4 Bxd4 20. Qxd4 Qxe2 21. Bc3 Qe4 22. Qd6 Qe6 23. Bxf6 Qxf6 24. Qxf6 gxf6 25. Rd7 b5 26. Rb7 a6 27. Rb6 Kg7 28. Kg2 Kg6 29. g4 Ra7 30. h4 Kg7 31. Kg3 Ra8 32. Kf4 Ra7 33. h5 h6 34. Kf5 Ra8 35. Rxf6 a5 36. Rb6 b4 37. a4 Rc8 38. Rb5 Rc6 39. f4 b3 40. g5 Rc4 41. Rxb3 Rxa4 42. g6 Rb4 43. Rc3 Rb5+ 44. Kg4 Rb7 45. Rc6 Ra7 46. f5 f6 47. Rc3 a4 48. Ra3 Ra6 49. Kf3 Ra5 50. Kf4 Kg8 51. Ke4 Re5+ 1/2-1/2

[Event "2025 Spring TNM: 2000+"]
[Site "San Francisco"]
[Date "2025.03.04"]
[Round "1.9"]
[White "Rajaram, Raghu"]
[Black "Seshadri, Sudarshan"]
[Result "0-1"]
[WhiteElo "1812"]
[BlackElo "2018"]
[PlyCount "48"]
[GameId "2152319653056242"]
[EventDate "2025.??.??"]

1. e4 c5 2. Nc3 Nc6 3. g3 Nf6 4. Bg2 d6 5. Nge2 e5 6. h3 Be7 7. d3 O-O 8. O-O Nd4 9. Nxd4 cxd4 10. Ne2 Bd7 11. f4 Qc8 12. g4 Ne8 13. Ng3 g6 14. f5 Bh4 15. Kh2 f6 16. Ne2 gxf5 17. gxf5 Kh8 18. c3 d5 19. cxd4 dxe4 20. dxe4 Bb5 21. dxe5 Qc7 22. Rb1 Rd8 23. Bd2 Bg5 24. Nf4 Bxf1 0-1

[Event "2025 Spring TNM: 1600-1999"]
[Site "San Francisco"]
[Date "2025.03.04"]
[Round "1.10"]
[White "Cawthon, Jeremy David"]
[Black "Boyer, John"]
[Result "1-0"]
[WhiteElo "1970"]
[BlackElo "1598"]
[PlyCount "129"]
[GameId "2152319653060339"]
[EventDate "2025.??.??"]

1. e4 c5 2. c3 d5 3. exd5 Qxd5 4. d4 e6 5. Nf3 Nf6 6. Bd3 cxd4 7. cxd4 Nc6 8. O-O Be7 9. Nc3 Qd8 10. Be3 O-O 11. Ne5 Nb4 12. Bc4 Nbd5 13. Qf3 Nxc3 14. bxc3 Nd5 15. Bd2 b6 16. Nc6 Qd6 17. Bxd5 exd5 18. Qxd5 Be6 19. Qf3 Bf6 20. Bf4 Qd7 21. Ne5 Qe7 22. d5 Bf5 23. Rfe1 Qc5 24. Rad1 Bc2 25. Rd2 Ba4 26. Rd4 Bb5 27. a4 Bxe5 28. Bxe5 f6 29. Bd6 Rfe8 30. Re6 Qxd6 31. axb5 Rac8 32. Qe3 Qd7 33. h4 Qxb5 34. d6 Qc6 35. Rxe8+ Rxe8 36. d7 Rd8 37. Qe7 Qa8 38. Re4 Rxd7 39. Qe6+ Kf8 40. Rc4 Qd8 41. Kh2 Qe8 42. Qc6 Qe5+ 43. g3 Qd5 44. Qc8+ Ke7 45. Rg4 g6 46. Qh8 Qf7 47. Re4+ Kd6 48. Qb8+ Rc7 49. Ra4 Kc5 50. Qd8 Qd7 51. Qf8+ Qe7 52. Qa8 Rb7 53. Rd4 Qc7 54. Qe8 b5 55. Qe6 Qe5 56. Qa6 Qc7 57. Qxf6 Qe7 58. Qa6 Rd7 59. Rb4 Qe2 60. Qc8+ Kb6 61. Qxd7 Qxf2+ 62. Kh3 Qf1+ 63. Kg4 Qe2+ 64. Kg5 Qe5+ 65. Kh6 1-0

[Event "2025 Spring TNM: 1600-1999"]
[Site "San Francisco"]
[Date "2025.03.04"]
[Round "1.11"]
[White "Pickering, Carl Anthony"]
[Black "Marvin, Hayes Alexander"]
[Result "1/2-1/2"]
[Annotator "Winslow,Elliott"]
[WhiteElo "1634"]
[BlackElo "1926"]
[PlyCount "95"]
[GameId "2152319653060340"]
[EventDate "2025.??.??"]

1. b3 d5 2. Bb2 Bf5 3. e3 e6 4. Be2 Nf6 5. f4 Nbd7 6. d3 Bc5 7. Qd2 Qe7 8. h3 h5 9. Nf3 Bb4 10. c3 Bd6 11. Nd4 Bg6 12. Nb5 c6 13. Nxd6+ Qxd6 14. Na3 e5 15. O-O-O h4 16. Nc2 a5 17. Rhf1 a4 18. b4 b6 19. f5 Bh5 20. Bxh5 Nxh5 21. e4 Ng3 22. Rfe1 f6 23. a3 Ke7 24. exd5 cxd5 25. Qf2 Rac8 {[#]} 26. Nd4 Rh5 27. Qf3 Kf7 28. Ne2 Rxf5 29. Qg4 Nxe2+ 30. Rxe2 Rf4 31. Qh5+ Kg8 32. Rc2 Qe6 33. Kb1 Qf7 34. Qxf7+ Kxf7 35. Bc1 Rf5 36. Be3 b5 37. Kb2 d4 38. cxd4 Rxc2+ 39. Kxc2 exd4 40. Bxd4 Rd5 41. Kc3 Ne5 42. Bxe5 Rxe5 43. Rd2 Ke6 44. Kd4 Rd5+ 45. Ke4 g5 46. Rc2 f5+ 47. Ke3 Ke5 48. Rc8 1/2-1/2

[Event "2025 Spring TNM: 1600-1999"]
[Site "San Francisco"]
[Date "2025.03.04"]
[Round "1.12"]
[White "Finacom, Richard V"]
[Black "Casares, Nick"]
[Result "1-0"]
[WhiteElo "1884"]
[BlackElo "1600"]
[PlyCount "83"]
[GameId "2152319653060341"]
[EventDate "2025.??.??"]

1. d4 d5 2. c4 c6 3. e3 Nf6 4. Nf3 e6 5. Nc3 Be7 6. b3 O-O 7. Bd3 h6 8. O-O Nbd7 9. Bb2 a6 10. a4 Bb4 11. Qc2 c5 12. Na2 a5 13. dxc5 Nxc5 14. Nxb4 axb4 15. Bxf6 Qxf6 16. cxd5 Nxd3 17. Qxd3 e5 18. e4 Qd6 19. Nd2 f5 20. Nc4 Qf6 21. f3 f4 22. Qd2 b6 23. Qxb4 Qg5 24. Qc3 Bh3 25. Rf2 b5 26. Nxe5 b4 27. Qd4 Rae8 28. Nc6 Rf6 29. Qxb4 Rg6 30. Qd2 Rxc6 31. dxc6 Rd8 32. Qc2 Be6 33. b4 Qe5 34. Rc1 Qd4 35. b5 Qb6 36. h3 g5 37. Kh2 h5 38. Qc5 Qxc5 39. Rxc5 g4 40. hxg4 hxg4 41. fxg4 Rf8 42. Rf5 1-0

[Event "2025 Spring TNM: 1600-1999"]
[Site "San Francisco"]
[Date "2025.03.04"]
[Round "1.13"]
[White "Huang, Immanuel"]
[Black "Parsons, Stephen"]
[Result "1-0"]
[Annotator "Winslow,Elliott"]
[WhiteElo "1554"]
[BlackElo "1876"]
[PlyCount "47"]
[GameId "2152319653060342"]
[EventDate "2025.??.??"]

1. e4 c5 2. Nf3 Nc6 3. d4 cxd4 4. Nxd4 Nf6 5. Nxc6 bxc6 6. Nc3 e5 7. Bc4 Bc5 8. O-O h6 9. Kh1 O-O 10. f4 d6 11. fxe5 {[#]} Ng4 12. Bf4 Nf2+ 13. Rxf2 Bxf2 14. exd6 Qh4 15. Qd2 Bb6 16. Rf1 Bg4 17. e5 Rad8 18. Ne4 Be6 19. Bd3 Bd5 20. Bg3 Qh5 {[#]} 21. Rf5 Qg6 22. Rf4 Qe6 23. Nf6+ Kh8 24. Rh4 1-0

[Event "2025 Spring TNM: 1600-1999"]
[Site "San Francisco"]
[Date "2025.03.04"]
[Round "1.14"]
[White "Dutter, Frederic"]
[Black "Chan, John"]
[Result "1/2-1/2"]
[WhiteElo "1900"]
[BlackElo "1520"]
[PlyCount "80"]
[GameId "2152319653064439"]
[EventDate "2025.??.??"]

1. e4 d6 2. d4 c6 3. Nc3 g6 4. f4 Bg7 5. Nf3 Bg4 6. Be2 Bxf3 7. Bxf3 Nd7 8. O-O e6 9. Kh1 Ne7 10. Be3 O-O 11. g4 f5 12. gxf5 exf5 13. e5 d5 14. Ne2 b5 15. Ng3 Nb6 16. b3 Nd7 17. Be2 Re8 18. c4 a6 19. c5 Nf8 20. b4 Ne6 21. Qd2 Kf7 22. a4 Qd7 23. Ra3 Rec8 24. Rfa1 Qd8 25. Qa2 Nc7 26. axb5 axb5 27. Qd2 Rxa3 28. Rxa3 Ra8 29. Qa2 Rxa3 30. Qxa3 Qa8 31. Qxa8 Nxa8 32. Nf1 Nc7 33. Kg2 Ne6 34. h4 h5 35. Nd2 Bh6 36. Kg3 Nc7 37. Nb3 Na6 38. Bd2 Ke6 39. Na5 Nb8 40. Nb7 Nc8 1/2-1/2

[Event "2025 Spring TNM: 1600-1999"]
[Site "San Francisco"]
[Date "2025.03.04"]
[Round "1.15"]
[White "Mays-Smith, Isaac S"]
[Black "Powers, Christopher"]
[Result "1-0"]
[WhiteElo "1619"]
[BlackElo "1818"]
[PlyCount "61"]
[GameId "2152319653064440"]
[EventDate "2025.??.??"]

1. d4 d5 2. c4 e6 3. g3 Nf6 4. Bg2 Nbd7 5. Nf3 dxc4 6. Qa4 c5 7. Qxc4 Nb6 8. Qc2 cxd4 9. O-O d3 10. exd3 Bd6 11. Nc3 a6 12. a4 O-O 13. Re1 Bd7 14. a5 Nbd5 15. Bg5 Bc6 16. Nd4 Nb4 17. Nxc6 Nxc2 18. Nxd8 Raxd8 19. Bxb7 Bb4 20. Bxf6 gxf6 21. Re4 Nxa1 22. Rxb4 Rxd3 23. Bxa6 Rd6 24. Bb7 Nc2 25. Rc4 e5 26. a6 Rb6 27. Na4 Rb4 28. b3 Rxc4 29. bxc4 Na3 30. Nb6 Rd8 31. a7 1-0

[Event "2025 Spring TNM: 1600-1999"]
[Site "San Francisco"]
[Date "2025.03.04"]
[Round "1.16"]
[White "Admassu, Yonathan"]
[Black "Krishnan, Sreyshthaa"]
[Result "0-1"]
[Annotator "Winslow,Elliott"]
[WhiteElo "1721"]
[BlackElo "1579"]
[PlyCount "44"]
[GameId "2152319653093113"]
[EventDate "2025.??.??"]

1. Nf3 Nf6 2. g3 g6 3. b3 Bg7 4. Bb2 c5 5. c4 Nc6 6. Bg2 O-O 7. O-O d5 8. cxd5 Nxd5 9. Bxg7 Kxg7 10. Qc2 Qd6 11. Rc1 b6 12. Nc3 Bb7 13. Nxd5 Qxd5 14. Qb2+ f6 15. Ne1 Qd7 16. e3 Rad8 17. Rd1 e5 18. a3 a5 19. f4 exf4 20. gxf4 h5 21. Rac1 h4 22. Qc2 h3 {[#]} 0-1

[Event "2025 Spring TNM: 1600-1999"]
[Site "San Francisco"]
[Date "2025.03.04"]
[Round "1.17"]
[White "Schaezlein, Charlie"]
[Black "Babayan, Gagik"]
[Result "1-0"]
[WhiteElo "1473"]
[BlackElo "1711"]
[PlyCount "139"]
[GameId "2152319653093114"]
[EventDate "2025.??.??"]

1. e4 d5 2. exd5 Nf6 3. d4 Nxd5 4. Nc3 Bf5 5. Nf3 Nb4 6. Bb5+ c6 7. Ba4 e6 8. O-O Be7 9. Ne2 Nd5 10. a3 Nd7 11. Ng3 Bg6 12. c3 O-O 13. Re1 Bd6 14. Bg5 Qc7 15. Nh4 f6 16. Nxg6 hxg6 17. Bd2 Kf7 18. Nf1 Rh8 19. g3 Rae8 20. c4 Ne7 21. c5 Nxc5 22. dxc5 Bxc5 23. Bb4 Bb6 24. Qd6 Qxd6 25. Bxd6 Nf5 26. Bf4 g5 27. Be3 Bc7 28. Rad1 Nxe3 29. Rd7+ Re7 30. Rxe7+ Kxe7 31. Nxe3 b5 32. Bb3 f5 33. Nxf5+ Kf6 34. Nd4 e5 35. Nc2 c5 36. Ne3 Ba5 37. Ng4+ Kf5 38. Ne3+ Kf6 39. Rd1 c4 40. Bc2 Bb6 41. Nd5+ Ke6 42. Nxb6 axb6 43. Kg2 Rf8 44. g4 Rf4 45. Bf5+ Ke7 46. Rd7+ Kf8 47. f3 Rd4 48. Rxd4 exd4 49. Kf2 Ke7 50. b3 Kd6 51. Ke2 Kc5 52. b4+ Kc6 53. Bc8 d3+ 54. Kd2 Kd5 55. Kc3 Kd6 56. Bf5 Kd5 57. Bd7 d2 58. Kc2 Kd4 59. Bxb5 Ke3 60. Bxc4 Kxf3 61. Kxd2 Kxg4 62. Be6+ Kf4 63. h3 Ke5 64. Bg4 Kd4 65. Kc2 Kc4 66. Be2+ Kd4 67. Kb3 Kd5 68. Ka4 Kc6 69. Bf3+ Kc7 70. Kb5 1-0

[Event "2025 Spring TNM: 1600-1999"]
[Site "San Francisco"]
[Date "2025.03.04"]
[Round "1.18"]
[White "Yan, Rayna"]
[Black "Harris, Clarence"]
[Result "1-0"]
[WhiteElo "1642"]
[BlackElo "1400"]
[PlyCount "65"]
[GameId "2152319653109499"]
[EventDate "2025.??.??"]

1. d4 Nf6 2. c4 g6 3. Nc3 Bg7 4. e4 d6 5. h3 Nc6 6. Nf3 O-O 7. Be3 e5 8. d5 Ne7 9. Bd3 Nd7 10. g4 Nc5 11. Bc2 a5 12. g5 Bd7 13. Qe2 Qc8 14. Qf1 f5 15. Bxc5 dxc5 16. Qg2 f4 17. O-O-O Rd8 18. Kb1 Be8 19. h4 a4 20. a3 Rd6 21. Ne1 b6 22. Bd3 Qa6 23. Nf3 Nc8 24. Nb5 Bxb5 25. cxb5 Qa5 26. Nd2 Rd8 27. Nc4 Qxb5 28. Nxe5 Qb3 29. Bc4 f3 30. Qg4 Qxd1+ 31. Rxd1 Rd6 32. Nxf3 c6 33. e5 1-0

[Event "2025 Spring TNM: 1600-1999"]
[Site "San Francisco"]
[Date "2025.03.04"]
[Round "1.19"]
[White "Stults, Sawyer"]
[Black "Tam, Hoa Long"]
[Result "1-0"]
[Annotator "Stults,Sawyer"]
[WhiteElo "1424"]
[BlackElo "1589"]
[PlyCount "87"]
[GameId "2152335843762306"]
[EventDate "2025.??.??"]

1. e4 c6 2. d4 d5 3. exd5 cxd5 4. c4 Nf6 5. Nc3 Nc6 6. Be3 g6 7. h3 Bg7 8. Nf3 Be6 9. Ng5 Qd7 10. Nxe6 Qxe6 11. cxd5 $2 (11. Be2) 11... Nxd5 12. Qf3 Nxc3 $4 (12... Nxe3 13. Qxe3 Nxd4 14. Qxe6 Nxe6 15. Bb5+ Kf8 16. Rc1 Rc8 17. Bd7 Bxc3+ 18. bxc3) (12... Nxd4 13. Qxd5 Nc2+ 14. Ke2) 13. bxc3 O-O 14. Be2 Rfd8 15. h4 (15. g4) 15... h5 16. g4 hxg4 17. Qxg4 Qxg4 18. Bxg4 e5 19. dxe5 Bxe5 20. Rc1 Rd3 21. c4 Ra3 22. Rb1 Rxa2 23. Rxb7 $4 (23. h5) 23... Ra1+ 24. Bd1 Rc8 $2 (24... Rd8) 25. O-O a5 26. h5 a4 27. hxg6 fxg6 28. Rb6 Ne7 29. Bc2 {[%cal Gc8b8]} Ra8 30. Re6 Rxf1+ 31. Kxf1 Bg7 $4 (31... a3 32. Bb3 a2 33. Bxa2 Kf7 34. Rxe5 Rxa2 35. Ke1 Kf6 36. Re4 Nf5 37. Bc5) 32. Rxe7 a3 33. Bb1 $4 (33. Bb3 Kf8 34. Bc5 Kg8 35. Ra7 Rxa7 36. Bxa7 Kf8 37. Ke2 Ke8 38. Kd3 g5) 33... Rb8 $4 (33... a2 34. Bxa2 Rxa2 35. c5 Kf8 36. Rb7 Be5 37. f4 Rb2 38. Ra7 Bb8 39. Rh7) 34. Ba2 Rb2 35. Rxg7+ Kxg7 $6 (35... Kh8 36. Ra7 Rxa2 37. c5 Rc2 38. Kg2 Kg8 39. Kf3 Rc4 40. Ke2 Rc3 41. Kd2) 36. Bd4+ Kf7 37. Bxb2 axb2 38. Ke2 Ke7 39. Ke3 Kd6 40. f4 Ke7 41. Ke4 Ke6 42. c5+ Kd7 43. Kd5 Ke7 44. Bb1 1-0

[Event "2025 Spring TNM u1600"]
[Site "San Francisco"]
[Date "2025.03.04"]
[Round "1.20"]
[White "Barreyro, Romeo Belmes"]
[Black "Merk, Felix Elias"]
[Result "1-0"]
[WhiteElo "1500"]
[BlackElo "1304"]
[PlyCount "93"]
[GameId "2152319653109501"]
[EventDate "2025.??.??"]

1. e4 c5 2. Nf3 Nc6 3. Bc4 e6 4. O-O d5 5. exd5 exd5 6. Bb5 Be7 7. Bxc6+ bxc6 8. d4 cxd4 9. Nxd4 c5 10. Nc6 Qd6 11. Nxe7 Nxe7 12. Nc3 O-O 13. Qf3 Be6 14. Bf4 Qd7 15. a4 a6 16. Rad1 h6 17. Qe2 Bg4 18. f3 Be6 19. Ne4 Qc6 20. Ng3 Ng6 21. Qd2 Nxf4 22. Qxf4 Rad8 23. Qh4 Qc7 24. f4 Qc8 25. f5 Qb7 26. b3 Bc8 27. f6 Rd6 28. fxg7 Re8 29. Rf2 Qb4 30. Qxb4 cxb4 31. Rdf1 Be6 32. Nh5 Red8 33. Rf6 Bg4 34. Rxd6 Rxd6 35. Nf6+ Rxf6 36. Rxf6 Bd1 37. Rf2 Bg4 38. h3 Be6 39. a5 d4 40. Rd2 Bf5 41. Rxd4 Bxc2 42. Rxb4 Kxg7 43. Rb6 Bd3 44. Kf2 f6 45. g3 h5 46. Ke3 Bb5 47. Rxb5 1-0

[Event "2025 Spring TNM u1600"]
[Site "San Francisco"]
[Date "2025.03.04"]
[Round "1.21"]
[White "Wickliffe, Zachary"]
[Black "Starr, Albert Martin"]
[Result "1-0"]
[WhiteElo "1260"]
[BlackElo "1518"]
[PlyCount "91"]
[GameId "2152319653109502"]
[EventDate "2025.??.??"]

1. e4 e5 2. Nc3 Nf6 3. Bc4 Bb4 4. d3 O-O 5. Nge2 d5 6. exd5 Nxd5 7. O-O Be6 8. Nxd5 Bxd5 9. Bxd5 Qxd5 10. a3 Bd6 11. f4 Nc6 12. Kh1 Rad8 13. c4 Qe6 14. b4 f6 15. Bb2 Rfe8 16. Qc2 Bf8 17. b5 Nd4 18. Nxd4 exd4 19. Qf2 Bc5 20. Rfe1 Qf7 21. a4 Rxe1+ 22. Rxe1 f5 23. Re5 b6 24. a5 g6 25. Qf3 Qf8 26. a6 Re8 27. Qd5+ Kg7 28. Bxd4 Bxd4 29. Qxd4 Kh6 30. h3 Rd8 31. Rd5 Re8 32. Rd7 Re7 33. Rxe7 Qxe7 34. Qe5 Qd7 35. d4 c6 36. Kg1 Kh5 37. Qf6 Kh6 38. bxc6 Qc7 39. Qh4+ Kg7 40. d5 h6 41. Qf2 Qd6 42. Qd4+ Kh7 43. Kh2 g5 44. Qe5 Qg6 45. Qe7+ Kh8 46. c7 1-0

[Event "2025 Spring TNM u1600"]
[Site "San Francisco"]
[Date "2025.03.04"]
[Round "1.22"]
[White "Hack, Richard"]
[Black "Smith, Daniel"]
[Result "1-0"]
[Annotator "Hack,Richard"]
[WhiteElo "1500"]
[BlackElo "1126"]
[PlyCount "71"]
[GameId "2152319653113599"]
[EventDate "2025.??.??"]

1. c4 e5 2. g3 Nc6 3. Bg2 Bc5 4. Nc3 Nge7 5. e3 d6 6. Nge2 Be6 {Unfortunately inviting a central pawn thrust. Black gets two pawns, including a passed d-pawn, for a bishop.} 7. d4 exd4 8. exd4 Bxd4 9. Nxd4 Bxc4 10. b3 Be6 11. O-O d5 12. Bb2 O-O 13. Re1 Nxd4 14. Qxd4 Nf5 15. Qe5 d4 16. Nb5 d3 17. g4 Qg5 18. gxf5 Bxf5 19. Qe3 Qg6 20. Nd4 d2 21. Red1 Rfe8 22. Qg3 {Of course not 22. Qxd2 because . . . Bh3 mates.} Qxg3 23. fxg3 Bg4 24. Rxd2 Re7 25. h3 Bd7 26. Rad1 Re3 27. Nf5 $4 {A bit of blindness gives back one of the pieces.} Bxf5 28. Rd8+ Re8 29. Rxa8 Rxa8 30. g4 Be6 31. Bxb7 Rb8 32. Be5 Kf8 33. Be4 Rb4 34. Rd4 Rb5 35. Bxc7 Ke7 36. Bc6 {Black resigns because his rook can only go to c5 or g5, where White's dark bishop will win it with a check at d6 or d8.} 1-0

[Event "2025 Spring TNM u1600"]
[Site "San Francisco"]
[Date "2025.03.04"]
[Round "1.23"]
[White "Blum, Paul"]
[Black "Olson, David R"]
[Result "0-1"]
[WhiteElo "1016"]
[BlackElo "1400"]
[PlyCount "86"]
[GameId "2152319653129984"]
[EventDate "2025.??.??"]

1. e4 c5 2. Nf3 Nc6 3. c3 e6 4. d4 cxd4 5. Nxd4 Bc5 6. Be3 Nxd4 7. Bxd4 Bxd4 8. cxd4 Ne7 9. Nc3 a6 10. Bd3 b5 11. b4 Qc7 12. Rc1 Qb6 13. d5 e5 14. O-O d6 15. Kh1 O-O 16. a3 f5 17. f3 Ng6 18. g3 Bd7 19. Qc2 f4 20. g4 Nh4 21. Qf2 Qd8 22. Rc2 Rb8 23. Rfc1 Rb7 24. Ne2 g5 25. h3 h5 26. Kh2 Kg7 27. Rg1 Rh8 28. Rcc1 hxg4 29. fxg4 Qf6 30. Bb1 Qh6 31. Rc3 f3 32. Ng3 Bxg4 33. Bd3 Ng2 34. Nf5+ Bxf5 35. Qxf3 Nf4 36. Bf1 Bxh3 37. Bxh3 Rf7 38. Qe3 Rhf8 39. Rc6 Rf6 40. Rxa6 Ne2 41. Rg2 Nd4 42. Kg1 Nf3+ 43. Qxf3 Rxf3 0-1

[Event "2025 Spring TNM u1600"]
[Site "San Francisco"]
[Date "2025.03.04"]
[Round "1.24"]
[White "Fisher, Brett"]
[Black "Pirone, John"]
[Result "1-0"]
[Annotator "Winslow,Elliott"]
[WhiteElo "1376"]
[BlackElo "1026"]
[PlyCount "71"]
[GameId "2152319653129985"]
[EventDate "2025.??.??"]

1. d4 d5 2. c4 e6 3. Nc3 Nf6 4. Bg5 Be7 5. Nf3 b6 6. e3 Bb7 7. Be2 c5 8. O-O O-O 9. Rc1 cxd4 10. Nxd4 Nc6 11. Nxc6 Bxc6 12. Bf3 Ne4 13. Bxe7 Qxe7 14. cxd5 Nxc3 15. Rxc3 Bxd5 16. Bxd5 exd5 17. Qxd5 Rfd8 18. Qc6 Qb4 19. Rfc1 Qe7 $4 (19... Qxb2 $1 20. Qxa8 Qxc1+ $11) 20. Qxa8 Rxa8 21. Rc8+ Rxc8 22. Rxc8+ Qf8 23. Rxf8+ Kxf8 24. Kf1 Ke7 25. Ke2 Ke6 26. Kd3 f5 27. Kd4 Kd6 28. f3 g5 29. e4 fxe4 30. fxe4 h5 31. e5+ Ke6 32. Ke4 a6 33. b4 a5 34. bxa5 bxa5 35. a4 h4 36. h3 1-0

[Event "2025 Spring TNM u1600"]
[Site "San Francisco"]
[Date "2025.03.04"]
[Round "1.25"]
[White "Kojevnikov, Alexander"]
[Black "Karwat, Joseph"]
[Result "0-1"]
[WhiteElo "1045"]
[BlackElo "1315"]
[PlyCount "42"]
[GameId "2152319653129986"]
[EventDate "2025.??.??"]

1. e4 e6 2. d4 d5 3. exd5 exd5 4. c4 Be6 5. c5 Nc6 6. Nf3 Nf6 7. Bb5 a6 8. Ba4 Be7 9. Ne5 Bd7 10. Nc3 Nxe5 11. dxe5 Bxa4 12. Qxa4+ Nd7 13. c6 Nb6 14. Qg4 g6 15. cxb7 Ra7 16. Bh6 Rxb7 17. O-O Nc4 18. Qe2 Rxb2 19. Qd1 c6 20. Re1 Qb6 21. Na4 Rxf2 0-1

[Event "2025 Spring TNM u1600"]
[Site "San Francisco"]
[Date "2025.03.04"]
[Round "1.26"]
[White "Bayaraa, Bilguun"]
[Black "Myers, Steven Lee"]
[Result "1-0"]
[WhiteElo "1503"]
[BlackElo "1196"]
[PlyCount "93"]
[GameId "2152319653134083"]
[EventDate "2025.??.??"]

1. d4 d5 2. c4 e6 3. Nc3 Nf6 4. Nf3 Nc6 5. Bg5 Be7 6. e3 Ne4 7. Bf4 Nxc3 8. bxc3 b6 9. Qa4 Bd7 10. Qc2 Bc8 11. Be2 O-O 12. Rb1 Na5 13. cxd5 exd5 14. O-O c6 15. Bd3 g6 16. Rfe1 Nc4 17. Bxc4 dxc4 18. Ne5 Bd7 19. Nxc4 Re8 20. Ne5 Bf6 21. Nxd7 Qxd7 22. c4 Rac8 23. Red1 b5 24. Qb3 a6 25. cxb5 cxb5 26. Rdc1 g5 27. Bg3 Rxc1+ 28. Rxc1 Rc8 29. Rc3 h5 30. f3 h4 31. Be1 Kg7 32. Rxc8 Qxc8 33. Qc3 Qd7 34. Kf2 Qd5 35. Qc2 Be7 36. Bc3 b4 37. Ba1 Bd6 38. e4 Qb7 39. e5 Be7 40. Qc4 a5 41. d5 Qb6+ 42. Bd4 Qd8 43. d6 Bf8 44. Qc7 Qe8 45. d7 Qe6 46. d8=Q Qxa2+ 47. Ke3 1-0

[Event "2025 Spring TNM u1600"]
[Site "San Francisco"]
[Date "2025.03.04"]
[Round "1.27"]
[White "Braithwaite, Andrew"]
[Black "Fitzgerald, William"]
[Result "1-0"]
[WhiteElo "1126"]
[BlackElo "1311"]
[PlyCount "99"]
[GameId "2152319653134084"]
[EventDate "2025.??.??"]

1. e4 e5 2. Nf3 Nc6 3. d4 exd4 4. Nxd4 Nf6 5. Nxc6 bxc6 6. e5 Qe7 7. Qe2 Nd5 8. Nd2 g6 9. Nf3 Bg7 10. Bg5 Qb4+ 11. c3 Nxc3 12. a3 Qa5 13. Bd2 Nxe2 14. Bxa5 Nf4 15. Bxc7 O-O 16. g3 Nd5 17. Bd6 Re8 18. Bc4 f6 19. O-O-O fxe5 20. Rxd5 cxd5 21. Bxd5+ Re6 22. Bxe5 Bxe5 23. Nxe5 Rb8 24. Bxe6+ dxe6 25. Re1 Bb7 26. Kd2 Bd5 27. b4 Rb5 28. Nd3 Kf7 29. Ke3 g5 30. Kd4 Kf6 31. a4 Rb6 32. Rc1 Rb7 33. Kc5 Be4 34. Rd1 Rc7+ 35. Kb5 Bc6+ 36. Ka5 Rd7 37. Nb2 Rxd1 38. Nxd1 Bb7 39. b5 Ke5 40. Kb4 Ke4 41. Kc5 Ke5 42. Ne3 Bd5 43. a5 Ke4 44. Nxd5 exd5 45. b6 axb6+ 46. axb6 d4 47. Kc4 d3 48. Kc3 Kd5 49. b7 d2 50. Kxd2 1-0

[Event "2025 Spring TNM u1600"]
[Site "San Francisco"]
[Date "2025.03.04"]
[Round "1.28"]
[White "Quinn, Dahlia"]
[Black "Burkhardt, Douglas Alan"]
[Result "1-0"]
[WhiteElo "1317"]
[BlackElo "739"]
[PlyCount "67"]
[GameId "2152319653134085"]
[EventDate "2025.??.??"]

1. c4 e6 2. g3 d5 3. Bg2 Nf6 4. Nf3 c5 5. d4 dxc4 6. Qa4+ Nc6 7. e3 Qa5+ 8. Qxa5 Nxa5 9. Nc3 Be7 10. O-O O-O 11. Bd2 Nc6 12. dxc5 Bxc5 13. Rac1 Bd7 14. Rfd1 Nb4 15. Ne5 Rab8 16. Nxc4 Nc6 17. a3 b5 18. Bxc6 bxc4 19. Bxd7 Nxd7 20. Na4 Rfc8 21. Rxc4 Bd6 22. Rd4 Rc6 23. Bb4 Bxb4 24. Rxd7 Bf8 25. Rxa7 Rbc8 26. Nc3 Rb8 27. Rd2 Rcb6 28. Rdd7 f5 29. b4 Rc6 30. Ne2 Rc2 31. Nd4 Rc1+ 32. Kg2 e5 33. Nxf5 Rb6 34. Nxg7 {Black loses on time} 1-0

[Event "2025 Spring TNM u1600"]
[Site "San Francisco"]
[Date "2025.03.04"]
[Round "1.29"]
[White "Sloan, Sacha Marino"]
[Black "Vazquez, Dominic A"]
[Result "0-1"]
[WhiteElo "660"]
[BlackElo "1206"]
[PlyCount "98"]
[GameId "2152319653146374"]
[EventDate "2025.??.??"]

1. e4 e6 2. d4 d5 3. e5 c5 4. c3 Nc6 5. Nf3 Bd7 6. Bd3 Qb6 7. Bc2 Nh6 8. b3 Nf5 9. Bb2 Rc8 10. O-O Be7 11. h3 cxd4 12. cxd4 Nb4 13. Bxf5 exf5 14. Nc3 Bb5 15. Nxb5 Qxb5 16. Rc1 O-O 17. Ba3 Rxc1 18. Bxc1 Nxa2 19. Qc2 Nxc1 20. Rxc1 Qd7 21. Qc7 Rd8 22. Qxd7 Rxd7 23. Rc8+ Bd8 24. Ng5 Kf8 25. e6 fxe6 26. Nxe6+ Ke8 27. Nc5 Re7 28. Rb8 b6 29. Nd3 Re4 30. Ne5 Rxd4 31. Nc6 Rd1+ 32. Kh2 Kd7 33. Nxd8 d4 34. Nf7 d3 35. Ne5+ Ke6 36. f4 Kd5 37. Rd8+ Ke4 38. g3 b5 39. Kg2 Rd2+ 40. Kf1 Ke3 41. Ke1 a6 42. h4 a5 43. Rd7 g6 44. Rd5 Re2+ 45. Kd1 Rd2+ 46. Kc1 Ke2 47. Nc4 Rc2+ 48. Kb1 bxc4 49. Rxa5 cxb3 0-1

[Event "2025 Spring TNM u1600"]
[Site "San Francisco"]
[Date "2025.03.04"]
[Round "1.30"]
[White "Zhao, Brandon"]
[Black "Lopez-Oneal, Owen Michael"]
[Result "1-0"]
[WhiteElo "1280"]
[BlackElo "618"]
[PlyCount "61"]
[GameId "2152319653154567"]
[EventDate "2025.??.??"]

1. e4 e5 2. Nc3 Nc6 3. f4 Qh4+ 4. g3 Qf6 5. Nd5 Qd6 6. d3 Nf6 7. fxe5 Nxe5 8. d4 Nxd5 9. dxe5 Qb4+ 10. Bd2 Qxe4+ 11. Qe2 Qxh1 {[#]} 12. Nf3 Nb4 13. O-O-O Nxa2+ 14. Kb1 Nb4 15. Bg2 Qxd1+ 16. Qxd1 Bc5 17. Bxb4 Bxb4 {[#]} 18. Qd4 Be7 19. e6 Bf6 20. exf7+ Kxf7 21. Qc4+ Ke7 22. Qxc7 Rd8 23. Ng5 Bxg5 24. Qe5+ Kf8 25. Qxg5 Re8 26. Qf5+ Kg8 27. Bd5+ Kh8 28. Qf7 Rd8 29. Qe7 Rg8 30. Bxg8 Kxg8 31. Qe8# 1-0

[Event "2025 Spring TNM: Extra Games"]
[Site "San Francisco"]
[Date "2025.03.04"]
[Round "1"]
[White "Prasad, Thejas"]
[Black "Horowitz, Phineas F"]
[Result "1/2-1/2"]
[WhiteElo "1692"]
[BlackElo "1883"]
[PlyCount "97"]
[GameId "2152319653154568"]
[EventDate "2025.??.??"]

1. e4 Nf6 2. e5 Nd5 3. d4 d6 4. c4 Nb6 5. Nf3 Bf5 6. Nc3 Nc6 7. Nh4 Qd7 8. Nxf5 Qxf5 9. g4 Qd7 10. Bf4 dxe5 11. dxe5 Qxd1+ 12. Rxd1 e6 13. Nb5 Bb4+ 14. Ke2 O-O 15. a3 Be7 16. Ke3 a6 17. Nc3 Na5 18. Rb1 Naxc4+ 19. Kf3 g5 20. Be3 Nxe5+ 21. Kg3 Nbc4 22. Bc1 f5 23. gxf5 Rxf5 24. Bg2 Nd3 25. Ne4 Raf8 26. Bh3 Re5 27. f3 Nd6 28. Rd1 Nxe4+ 29. fxe4 Nxc1 30. Rbxc1 Rxe4 31. Rxc7 Bf6 32. Kf3 Re5 33. Rxb7 h5 34. Bf1 Rf5+ 35. Kg2 Be5 36. Bc4 Rf2+ 37. Kh1 Rb8 38. Rxb8+ Bxb8 39. Rd8+ Rf8 40. Bxe6+ Kg7 41. Rxf8 Kxf8 42. b4 Bc7 43. Kg2 Ke7 44. Bc4 a5 45. bxa5 Bxa5 46. Kh3 Kf6 47. Be2 Kg6 48. Bd3+ Kh6 49. Be2 1/2-1/2